U.S. States in the Caesar Cipher - Statistics

General Stats
  • This quiz has been taken 13 times
  • The average score is 17 of 20
Answer Stats
Cipher State % Correct
Dulcrqd Arizona
100%
Frorudgr Colorado
100%
Iorulgd Florida
100%
Lgdkr Idaho
100%
Loolqrlv Illinois
100%
Lqgldqd Indiana
100%
Lrzd Iowa
100%
Ndqvdv Kansas
100%
Orxlvldqd Louisiana
100%
Plqqhvrwd Minnesota
100%
Prqwdqd Montana
100%
Qheudvnd Nebraska
100%
Qhydgd Nevada
100%
Qhz Kdpsvkluh New Hampshire
100%
Qhz Brun New York
100%
Qruwk Fdurolqd North Carolina
100%
Rklr Ohio
100%
Whqqhvvhh Tennessee
100%
Xwdk Utah
100%
Yhuprqw Vermont
100%
Ylujlqld Virginia
100%
Zdvklqjwrq Washington
100%
Zbrplqj Wyoming
100%
Plvvlvvlssl Mississippi
88%
Vrxwk Gdnrwd South Dakota
88%
Shqqvboydqld Pennsylvania
86%
Jhrujld Georgia
83%
Plfkljdq Michigan
83%
Qruwk Gdnrwd North Dakota
83%
Kdzdll Hawaii
80%
Dodvnd Alaska
75%
Dundqvdv Arkansas
75%
Nhqwxfnb Kentucky
75%
Pdlqh Maine
75%
Qhz Phalfr New Mexico
75%
Ruhjrq Oregon
75%
Whadv Texas
75%
Zlvfrqvlq Wisconsin
75%
Frqqhfwlfxw Connecticut
71%
Dodedpd Alabama
67%
Fdoliruqld California
67%
Plvvrxul Missouri
67%
Ukrgh Lvodqg Rhode Island
67%
Vrxwk Fdurolqd South Carolina
67%
Zhvw Ylujlqld West Virginia
67%
Ghodzduh Delaware
60%
Qhz Mhuvhb New Jersey
57%
Pdubodqg Maryland
50%
Pdvvdfkxvhwwv Massachusetts
50%
Rnodkrpd Oklahoma
33%
No matching quizzes found
Score Distribution
Percent of People with Each Score
Percentile by Number Answered
Your Score History
You have not taken this quiz